00633nam a2200193Ia 4500008004100000020001400041082001500055100002300070245002200093250000800115260004500123300002800168500001900196600002100215650005000236942000700286952013100293999001500424240925s9999 xx 000 0 und d a131809776 a005.43 STA aStallings, William 0aOperating Systems a2nd aNew Jersey:bPrintice- Hall Int.c,1995. axxiv,358p.bNAfPirated aIncludes Index aComputer Science aComputer science, information & general works cBK 001040708CSaUITUbUITUd1996-08-27eBismillah BookDepotg115.00l0o005.43 STApQ0621r2024-09-25 07:12:09w2024-09-25yBK c3120d3120